[Event "XIII American Continental"]
[Site "Montevideo URU"]
[Date "2018.06.02"]
[Round "2"]
[White "Lopez Falcon, Jorge"]
[Black "Gemy Vargas, Jose Daniel"]
[Result "0-1"]
[WhiteElo "2120"]
[BlackElo "2393"]
[EventDate "2018.06.01"]
[PlyCount "76"]

1.d4 Nf6 2.c4 e6 3.Nf3 Bb4+ 4.Nbd2 c5 5.a3 Bxd2+ 6.Bxd2 Ne4 7.dxc5 Nxd2 8.
Qxd2 a5 9.g3 a4 10.Nd4 Qc7 11.Nb5 Qxc5 12.Nd6+ Ke7 13.O-O-O Ra6 14.Ne4 
Qxc4+ 15.Nc3 Qc5 16.e4 Ra5 17.Kb1 Nc6 18.h4 h6 19.f4 d6 20.Rc1 Qd4 21.Rh2 
Rd8 22.Bb5 Bd7 23.Rd1 Qxd2 24.Rhxd2 Na7 25.Bxd7 Rxd7 26.Rd4 b5 27.Na2 Nc6 
28.R4d2 Raa7 29.Rc1 Na5 30.Nb4 Nb3 31.Nc6+ Ke8 32.Nxa7 Nxd2+ 33.Kc2 Nb3 
34.Nxb5 Nxc1 35.Kxc1 Ke7 36.Kc2 Rb7 37.Nc3 Ra7 38.Kd3 Kd7 0-1

[Event "XIII American Continental"]
[Site "Montevideo URU"]
[Date "2018.06.02"]
[Round "2"]
[White "Pierrot, Facundo"]
[Black "Dominguez Barreto, Facundo"]
[Result "1/2-1/2"]
[WhiteElo "2392"]
[BlackElo "2141"]
[EventDate "2018.06.01"]
[PlyCount "106"]

1.d4 Nf6 2.Bg5 d5 3.Bxf6 exf6 4.e3 Bd6 5.g3 Be6 6.Bg2 c6 7.Ne2 Nd7 8.Nd2 
f5 9.O-O Nf6 10.c4 dxc4 11.Qc2 O-O 12.Nxc4 Bc7 13.Rfd1 Qe7 14.Ne5 Nd5 15.
Bxd5 Bxd5 16.Qxf5 Be6 17.Qc2 f6 18.Nc4 Qf7 19.b3 Bg4 20.Re1 Rae8 21.Nd2 
Qh5 22.Nf4 Qh6 23.f3 Bd7 24.Nf1 g5 25.Ng2 Qh5 26.Qf2 f5 27.Nd2 Be6 28.e4 
fxe4 29.Rxe4 Bb6 30.Rae1 Bd5 31.Rxe8 Rxe8 32.Rxe8+ Qxe8 33.Nc4 Bxc4 34.
bxc4 Qd7 35.c5 Bd8 36.Ne1 Bf6 37.Nc2 Qd5 38.a3 Qc4 39.Qd2 Kf7 40.Kg2 h6 
41.Ne3 Qxd4 42.Qa2+ Kf8 43.Qe6 Qe5 44.Qc8+ Qe8 45.Qf5 Qxe3 46.Qxf6+ Ke8 
47.Qxh6 Kd7 48.Qg7+ Kc8 49.Qf8+ Kd7 50.Qf7+ Kc8 51.Qf5+ Kc7 52.Qf7+ Kc8 
53.Qf5+ Kc7 1/2-1/2

[Event "XIII American Continental"]
[Site "Montevideo URU"]
[Date "2018.06.02"]
[Round "2"]
[White "Santarius, Erik"]
[Black "Mafra, Kaiser Luiz"]
[Result "1-0"]
[WhiteElo "2387"]
[BlackElo "2116"]
[EventDate "2018.06.01"]
[PlyCount "69"]

1.d4 Nf6 2.c4 g6 3.Nc3 Bg7 4.e4 d6 5.Nf3 O-O 6.Be2 e5 7.Be3 Nc6 8.d5 Ne7 
9.Nd2 Nd7 10.b4 f5 11.f3 Nf6 12.c5 Nh5 13.Nc4 Nf4 14.Bf1 fxe4 15.fxe4 dxc5
16.bxc5 Kh8 17.g3 Ng8 18.Qd2 Nh3 19.Rb1 b6 20.Be2 h5 21.d6 bxc5 22.Qd5 c6 
23.Qxc5 Qe8 24.Na5 Bd7 25.Rb7 Nf6 26.Rf1 Qc8 27.Rc7 Qd8 28.Nc4 Rb8 29.Nxe5
Be8 30.Bd4 Ng5 31.Nxg6+ Bxg6 32.Qxg5 Qxd6 33.Be5 Rb1+ 34.Nxb1 Qb4+ 35.Nd2 
1-0

[Event "XIII American Continental"]
[Site "Montevideo URU"]
[Date "2018.06.02"]
[Round "2"]
[White "Guerrero, Alvaro"]
[Black "Barandiaran, Gabriel"]
[Result "1-0"]
[WhiteElo "2116"]
[BlackElo "1882"]
[EventDate "2018.06.01"]
[PlyCount "75"]

1.d4 Nf6 2.c4 g6 3.Nc3 Bg7 4.e4 d6 5.Nge2 O-O 6.f3 e5 7.d5 Nbd7 8.Be3 Nb6 
9.b3 Bd7 10.Qd2 Nc8 11.O-O-O c6 12.Kb1 cxd5 13.Nxd5 Nxd5 14.cxd5 f5 15.Nc3
f4 16.Bf2 Qa5 17.Qb2 Ne7 18.b4 Qd8 19.Bd3 a6 20.a4 Nc8 21.Rd2 Qg5 22.Bg1 
Ne7 23.Rc2 Rac8 24.Qb3 Kh8 25.Bb6 Qf6 26.Be2 Qg5 27.Bc4 Qh4 28.h3 Qf6 29.
Rhc1 g5 30.b5 axb5 31.Bxb5 Bxb5 32.Nxb5 Rxc2 33.Rxc2 Rc8 34.Bc7 Nf5 35.Bb6
Rxc2 36.Qxc2 Nd4 37.Qc8+ Bf8 38.Nxd4 1-0

[Event "XIII American Continental"]
[Site "Montevideo URU"]
[Date "2018.06.02"]
[Round "2"]
[White "Davila Texeira, Mario"]
[Black "Avgoustopoulos, Christian"]
[Result "0-1"]
[WhiteElo "1873"]
[BlackElo "2110"]
[EventDate "2018.06.01"]
[PlyCount "86"]

1.d4 d6 2.Bf4 Nf6 3.e3 g6 4.Be2 Bg7 5.Nd2 O-O 6.h3 Nc6 7.Ngf3 Re8 8.O-O e5
9.Bg5 exd4 10.exd4 Bf5 11.c3 Qd7 12.Re1 h6 13.Bxf6 Bxf6 14.Nf1 d5 15.Ng3 
Be4 16.Nxe4 dxe4 17.Nh2 e3 18.fxe3 Bg5 19.Nf1 Bxe3+ 20.Nxe3 Rxe3 21.Bf3 
Rxe1+ 22.Qxe1 Re8 23.Qh4 Kg7 24.Re1 Nd8 25.Rxe8 Qxe8 26.Qe4 Qxe4 27.Bxe4 
f5 28.Bf3 Kf6 29.Kf2 c6 30.g3 Nf7 31.Bg2 Nd6 32.d5 cxd5 33.Bxd5 Ke5 34.Bg8
g5 35.Bb3 f4 36.gxf4+ Kxf4 37.Be6 b6 38.c4 Ke5 39.Bd5 Kd4 40.b3 Ne4+ 41.
Bxe4 Kxe4 42.Kg3 h5 43.Kf2 a5 0-1

[Event "XIII American Continental"]
[Site "Montevideo URU"]
[Date "2018.06.02"]
[Round "2"]
[White "Arias Bouzada, Jorge"]
[Black "Belistri, Ubaldo"]
[Result "1/2-1/2"]
[WhiteElo "2097"]
[BlackElo "1867"]
[EventDate "2018.06.01"]
[PlyCount "98"]

1.c4 Nf6 2.Nc3 c5 3.Nf3 Nc6 4.d4 cxd4 5.Nxd4 e6 6.Ndb5 d6 7.e4 a6 8.Na3 
Be7 9.Be2 Qc7 10.O-O O-O 11.Be3 b6 12.Rc1 Qa7 13.f4 Rd8 14.Bf3 Rb8 15.Qe2 
e5 16.f5 Nd4 17.Qf2 Nxf3+ 18.Qxf3 Bd7 19.g4 Bc6 20.Nd5 Qb7 21.g5 Nxd5 22.
cxd5 Be8 23.f6 Bf8 24.Nc4 Bb5 25.Rf2 Bxc4 26.Rxc4 Rbc8 27.Rfc2 b5 28.Rc6 
Qd7 29.Bb6 Re8 30.Rc7 Rxc7 31.Rxc7 Qd8 32.Qf2 gxf6 33.gxf6 Bh6 34.Rxf7 Qc8
35.Ra7 Qg4+ 36.Qg2 Qxg2+ 37.Kxg2 Rf8 38.Rxa6 Rxf6 39.Bc7 Bf8 40.Rb6 Rf4 
41.Rxb5 Rxe4 42.Kf3 Rc4 43.Bb6 e4+ 44.Kg4 Bh6 45.Rb3 Ra4 46.a3 e3+ 47.Kf3 
Rf4+ 48.Ke2 Rf2+ 49.Ke1 Rxh2 1/2-1/2

[Event "XIII American Continental"]
[Site "Montevideo URU"]
[Date "2018.06.02"]
[Round "2"]
[White "Zaruski, Julio"]
[Black "Santos Filho, Tadeu Sousa"]
[Result "0-1"]
[WhiteElo "1862"]
[BlackElo "2096"]
[EventDate "2018.06.01"]
[PlyCount "108"]

1.c4 Nf6 2.Nc3 g6 3.d4 Bg7 4.g3 O-O 5.Bg2 d6 6.Nf3 Nc6 7.O-O e5 8.Bg5 h6 
9.Be3 Ng4 10.Nd5 Nxe3 11.fxe3 Ne7 12.Rc1 Nf5 13.Qb3 c6 14.Nb4 exd4 15.exd4
Nxd4 16.Nxd4 Bxd4+ 17.Kh1 Qe7 18.Nd3 Be6 19.Nf4 Bf5 20.Qf3 Bxb2 21.Rce1 
Rae8 22.e4 Bc8 23.c5 Be5 24.cxd6 Qxd6 25.Qb3 Kg7 26.Nd3 Be6 27.Qc2 Rd8 28.
Nxe5 Qxe5 29.Rd1 c5 30.Qa4 a6 31.Qa5 Rd4 32.Rc1 Rc8 33.Qb6 Rb4 34.Qa5 Bg4 
35.Qa3 Rb2 36.Rf4 Be6 37.Rcf1 Rd8 38.Qf3 Rd7 39.Bh3 f5 40.Bg2 Rdd2 41.Rg1 
g5 42.Rxf5 Bxf5 43.exf5 c4 44.f6+ Qxf6 45.Qe4 c3 46.Rf1 Rf2 47.Rxf2 Qxf2 
48.Qe5+ Kf8 49.Qh8+ Ke7 50.Qe5+ Kd7 51.Qg7+ Kc8 52.Qh8+ Kc7 53.Qxc3+ Kb8 
54.Qh8+ Ka7 0-1

[Event "XIII American Continental"]
[Site "Montevideo URU"]
[Date "2018.06.02"]
[Round "2"]
[White "Restuccia, Francisco"]
[Black "Marrero, Javier"]
[Result "1/2-1/2"]
[WhiteElo "2094"]
[BlackElo "1849"]
[EventDate "2018.06.01"]
[PlyCount "113"]

1.e4 c5 2.Nc3 e6 3.f4 g6 4.Nf3 Bg7 5.Bc4 Ne7 6.e5 d5 7.exd6 Qxd6 8.d3 a6 
9.a4 b6 10.Ne4 Qc7 11.O-O h6 12.Qe2 Nbc6 13.c3 O-O 14.Ne5 Kh7 15.Nxc6 Qxc6
16.Bd2 Bb7 17.Bb3 Rad8 18.Rae1 b5 19.axb5 axb5 20.Bc2 b4 21.cxb4 cxb4 22.
Bxb4 Rfe8 23.Bc3 Nf5 24.Bxg7 Kxg7 25.Qf2 Ba6 26.Qc5 Qxc5+ 27.Nxc5 Bb5 28.
b4 Nd4 29.Bb1 Nc6 30.Re4 Rd5 31.Rfe1 Nxb4 32.Rxb4 Rxc5 33.d4 Rc4 34.Rxb5 
Rxd4 35.g3 Red8 36.Rbe5 Rb8 37.R5e2 Rdb4 38.Be4 Rd4 39.Kf2 Rbb4 40.Bc2 Rb6
41.Re4 Rd2+ 42.R1e2 Rd8 43.Rc4 Rb7 44.Be4 Ra7 45.Rec2 Rad7 46.Ke2 Ra7 47.
Rc7 Ra4 48.R7c4 Ra7 49.Rd2 Rb8 50.Bc6 Rc7 51.Ke3 Rbc8 52.Rdc2 Rb8 53.h3 
Rb3+ 54.R4c3 Rxc6 55.Rxb3 Rxc2 56.Kf3 h5 57.h4 1/2-1/2

[Event "XIII American Continental"]
[Site "Montevideo URU"]
[Date "2018.06.02"]
[Round "2"]
[White "Cortes Arias, Mariela"]
[Black "Rothebarth, Ana Vitoria de Paula"]
[Result "1/2-1/2"]
[WhiteElo "1830"]
[BlackElo "2090"]
[EventDate "2018.06.01"]
[PlyCount "81"]

1.e4 e5 2.Nf3 Nc6 3.Nc3 Bc5 4.Nxe5 Nxe5 5.d4 Bd6 6.dxe5 Bxe5 7.f4 Bxc3+ 8.
bxc3 d6 9.Bd3 Qh4+ 10.g3 Qh3 11.Bf1 Qe6 12.Bg2 Nf6 13.O-O O-O 14.Qd3 Nd7 
15.Ba3 Re8 16.Rfe1 Nb6 17.e5 d5 18.Bc5 c6 19.Bxb6 axb6 20.a4 Qf5 21.Reb1 
Qxd3 22.cxd3 Ra6 23.Bf1 Bf5 24.d4 Bxb1 25.Bxa6 bxa6 26.Rxb1 b5 27.a5 f5 
28.Kf2 Kf7 29.Ke3 Ke6 30.Kd3 Rc8 31.Rb2 h5 32.Rb4 Rh8 33.h4 Kd7 34.Rb2 Rh6
35.Ke3 Kc7 36.Rb4 Rg6 37.Kf3 c5 38.dxc5 Kc6 39.Kf2 Kxc5 40.Kf3 Kc6 41.Kf2 
1/2-1/2

[Event "XIII American Continental"]
[Site "Montevideo URU"]
[Date "2018.06.02"]
[Round "2"]
[White "Cervantes Landeiro, Thalia"]
[Black "Visillac, Alejandro"]
[Result "1-0"]
[WhiteElo "2087"]
[BlackElo "1830"]
[EventDate "2018.06.01"]
[PlyCount "59"]

1.d4 Nf6 2.c4 g6 3.Nc3 Bg7 4.e4 d6 5.f4 e5 6.fxe5 dxe5 7.d5 O-O 8.Nf3 Nh5 
9.Bd3 Nd7 10.O-O Nc5 11.Bc2 a5 12.Be3 Qe7 13.Qd2 f5 14.exf5 gxf5 15.Rae1 
b6 16.Bg5 Bf6 17.Rxe5 Bxg5 18.Qxg5+ Qxg5 19.Nxg5 Ng7 20.Nb5 Na6 21.Re7 h6 
22.Nf3 Rf7 23.Rxf7 Kxf7 24.Nfd4 Kf6 25.g4 Bd7 26.Nxf5 Nxf5 27.Bxf5 Bxb5 
28.cxb5 Nc5 29.d6 Ne6 30.Be4+ 1-0

[Event "XIII American Continental"]
[Site "Montevideo URU"]
[Date "2018.06.02"]
[Round "2"]
[White "Ortiz, Jorge"]
[Black "Sauvageot Ledezma, Diego"]
[Result "0-1"]
[WhiteElo "1784"]
[BlackElo "2084"]
[EventDate "2018.06.01"]
[PlyCount "84"]

1.e4 c5 2.Nf3 Nc6 3.c4 g6 4.d4 cxd4 5.Nxd4 Bg7 6.Be3 Nf6 7.Nc3 O-O 8.Be2 
d6 9.f3 Nxd4 10.Bxd4 Bd7 11.Rc1 Bc6 12.O-O a5 13.b3 Nd7 14.Bxg7 Kxg7 15.
Qd4+ f6 16.f4 Qb6 17.Qxb6 Nxb6 18.Nd5 Bxd5 19.exd5 Nd7 20.Rc3 Nc5 21.Bf3 
Rab8 22.Re1 Kf7 23.Rce3 Rfe8 24.h4 b5 25.cxb5 Rxb5 26.h5 f5 27.hxg6+ hxg6 
28.g4 fxg4 29.Bxg4 Rb4 30.Rf1 Rd4 31.Be2 Kf6 32.Bc4 Rh8 33.a4 Rh4 34.f5 
Rdg4+ 35.Kf2 gxf5 36.Rf3 Rf4 37.Ke3 Rxf3+ 38.Rxf3 Ke5 39.Kd2 f4 40.Rf2 
Ne4+ 41.Ke2 Nxf2 42.Kxf2 Rh3 0-1

[Event "XIII American Continental"]
[Site "Montevideo URU"]
[Date "2018.06.02"]
[Round "2"]
[White "Tregarthen, Emiliano"]
[Black "Marques, Ubiratan De Azevedo"]
[Result "1-0"]
[WhiteElo "2083"]
[BlackElo "1777"]
[EventDate "2018.06.01"]
[PlyCount "85"]

1.e4 c6 2.d4 d5 3.Nc3 Nf6 4.e5 Nfd7 5.Bd3 e6 6.f4 c5 7.Nf3 cxd4 8.Nxd4 Nc6
9.Nce2 Nc5 10.c3 Nxd3+ 11.Qxd3 Be7 12.O-O O-O 13.Be3 Bd7 14.Rf3 a6 15.Raf1
Rc8 16.Rh3 g6 17.Nf3 Kg7 18.g4 Rh8 19.Ng3 Qa5 20.f5 Bc5 21.f6+ Kg8 22.b4 
Bxe3+ 23.Qxe3 Qd8 24.Nh5 Qf8 25.Ng7 d4 26.Nxd4 Nxd4 27.Qxd4 Bb5 28.Rd1 h6 
29.Qb6 Bc6 30.Qe3 Rd8 31.Rd4 Rxd4 32.Qxd4 Qb8 33.c4 Qc7 34.Qc5 b6 35.Qd6 
Qxd6 36.exd6 Kh7 37.g5 h5 38.Rd3 Rd8 39.c5 Bd5 40.Kf2 Bxa2 41.c6 Bd5 42.
Rxd5 exd5 43.d7 1-0

[Event "XIII American Continental"]
[Site "Montevideo URU"]
[Date "2018.06.02"]
[Round "2"]
[White "Campora, Edgardo"]
[Black "Izquierdo, Daniel"]
[Result "0-1"]
[WhiteElo "1772"]
[BlackElo "2078"]
[EventDate "2018.06.01"]
[PlyCount "88"]

1.e4 c6 2.d4 d5 3.Nd2 g6 4.f4 dxe4 5.Nxe4 Bg7 6.c3 Qd5 7.Nf2 Nh6 8.Nf3 O-O
9.Be2 b6 10.O-O Bb7 11.Ne5 Qd8 12.Bf3 Qc7 13.Nfd3 f6 14.Ng4 Nd7 15.Nxh6+ 
Bxh6 16.f5 Bxc1 17.Rxc1 gxf5 18.Nf4 Qd6 19.Qe1 e5 20.Qg3+ Kh8 21.Nh5 Rg8 
22.Qh4 Raf8 23.Ng3 Rg5 24.Rcd1 Qe7 25.Bh5 f4 26.Ne4 Rg7 27.dxe5 fxe5 28.
Qxe7 Rxe7 29.Nd6 Ba8 30.Rfe1 c5 31.Ne4 Kg7 32.Bf3 Bxe4 33.Bxe4 Nf6 34.Rd6 
Nxe4 35.Rxe4 Rf6 36.Rd8 Kg6 37.Kf2 Kf5 38.Kf3 Ree6 39.Rd2 Rd6 40.Rde2 Rd3+
41.Kf2 Re6 42.Ra4 a5 43.b4 Rxc3 44.bxa5 b5 0-1

[Event "XIII American Continental"]
[Site "Montevideo URU"]
[Date "2018.06.02"]
[Round "2"]
[White "Medrano, Mario"]
[Black "Lanaro, Emilio"]
[Result "1-0"]
[WhiteElo "2073"]
[BlackElo "1760"]
[EventDate "2018.06.01"]
[PlyCount "67"]

1.d4 d5 2.Nf3 Nf6 3.g3 g6 4.Bg2 Bg7 5.O-O O-O 6.Nbd2 Nbd7 7.b3 b6 8.Bb2 
Bb7 9.Rc1 c5 10.c4 dxc4 11.Nxc4 b5 12.Nce5 Nxe5 13.dxe5 Nd7 14.Qd3 a6 15.
Rfd1 Bc6 16.Ng5 Bxg2 17.Qxd7 Qxd7 18.Rxd7 Bh6 19.Kxg2 Bxg5 20.Rxc5 e6 21.
Rcc7 b4 22.f4 Bh6 23.Bd4 Rac8 24.Rxf7 Rxc7 25.Rxc7 Rd8 26.e3 Ra8 27.Kf3 
Bf8 28.g4 a5 29.f5 gxf5 30.gxf5 exf5 31.Kf4 Ra6 32.Kxf5 h6 33.Rc8 Kh7 34.
Rxf8 1-0

[Event "XIII American Continental"]
[Site "Montevideo URU"]
[Date "2018.06.02"]
[Round "2"]
[White "Areco, Antonio"]
[Black "Mosconi, Ariel"]
[Result "0-1"]
[WhiteElo "1746"]
[BlackElo "2073"]
[EventDate "2018.06.01"]
[PlyCount "92"]

1.c4 g6 2.d4 Bg7 3.Nf3 e6 4.Nc3 Ne7 5.g3 d5 6.Bg2 O-O 7.O-O c6 8.cxd5 exd5
9.Bf4 Na6 10.Qd2 Nf5 11.g4 Nd6 12.h3 Re8 13.Rad1 Nc4 14.Qc1 Nc7 15.b3 Nd6 
16.e3 Ne6 17.Be5 f6 18.Bh2 Bh6 19.Qa3 Bf8 20.Qc1 a6 21.Ne2 Nb5 22.Nf4 a5 
23.a4 Nd6 24.Qc2 Ne4 25.Kh1 Bb4 26.Nd3 Bd6 27.Bxd6 Qxd6 28.Rc1 Bd7 29.Nc5 
N6xc5 30.dxc5 Qe7 31.Nd4 Qg7 32.Qe2 Re5 33.Kh2 Rae8 34.Nf3 R5e7 35.Nd4 Kh8
36.Bxe4 Rxe4 37.Qf3 h5 38.Nf5 gxf5 39.gxf5 Qh7 40.Rg1 Bxf5 41.Qg3 d4 42.
Qd6 Qe7 43.Qxe7 R8xe7 44.exd4 Rxd4 45.Rg3 Rd3 46.Rc3 Red7 0-1

[Event "XIII American Continental"]
[Site "Montevideo URU"]
[Date "2018.06.02"]
[Round "2"]
[White "Saralegui, Mario"]
[Black "Palmieri, Daniel"]
[Result "1-0"]
[WhiteElo "2069"]
[BlackElo "1746"]
[EventDate "2018.06.01"]
[PlyCount "83"]

1.d4 e6 2.c4 d5 3.Nc3 Nf6 4.Bg5 c6 5.e3 Qb6 6.Qc2 Nbd7 7.Nf3 Be7 8.Bd3 h6 
9.Bh4 O-O 10.O-O Re8 11.Rac1 dxc4 12.Bxc4 Nd5 13.Bg3 N7f6 14.h3 Qd8 15.e4 
Nb6 16.Bb3 c5 17.dxc5 Bxc5 18.Nb5 Nbd7 19.Nc7 b6 20.Nxa8 Bb7 21.Nc7 Nxe4 
22.Bh2 Ng5 23.Nxe8 Nxf3+ 24.Kh1 Nxh2 25.Kxh2 Qxe8 26.Qd2 Nf6 27.Rxc5 Ne4 
28.Qe3 Nxc5 29.Bc2 Qc6 30.f3 Qc7+ 31.Kg1 Nd7 32.Rc1 Qg3 33.Be4 Qe5 34.Rd1 
f5 35.Rxd7 Bc6 36.Rd8+ Kf7 37.Qc1 Bb5 38.Bb7 f4 39.Be4 Qf6 40.Qd2 g5 41.
Qd6 Be8 42.Bc6 1-0

[Event "XIII American Continental"]
[Site "Montevideo URU"]
[Date "2018.06.02"]
[Round "2"]
[White "Malan, Lucia"]
[Black "Andrade, Roberto Luiz Costa"]
[Result "0-1"]
[WhiteElo "1733"]
[BlackElo "2060"]
[EventDate "2018.06.01"]
[PlyCount "56"]

1.e4 c5 2.Nf3 Nc6 3.d4 cxd4 4.Nxd4 Nf6 5.Nc3 e5 6.Ndb5 d6 7.Bg5 a6 8.Na3 
b5 9.Bxf6 gxf6 10.Nd5 f5 11.exf5 Bxf5 12.c3 Bg7 13.Qf3 Bd7 14.Bd3 O-O 15.
Bf5 e4 16.Bxe4 f5 17.Bc2 Re8+ 18.Ne3 Ne5 19.Qh5 b4 20.cxb4 Ng6 21.O-O Bxb2
22.Nxf5 Bxa1 23.Rxa1 Qf6 24.Rd1 Re5 25.g4 Rae8 26.Kf1 d5 27.Qh3 Kh8 28.Ne3
Rxe3 0-1

[Event "XIII American Continental"]
[Site "Montevideo URU"]
[Date "2018.06.02"]
[Round "2"]
[White "Mariani, Daniel Brandao"]
[Black "Ferrari, Carlos"]
[Result "1-0"]
[WhiteElo "2055"]
[BlackElo "1703"]
[EventDate "2018.06.01"]
[PlyCount "93"]

1.d4 Nf6 2.Nf3 d5 3.Bf4 Nc6 4.c4 e6 5.Nc3 Bd6 6.Bg5 Be7 7.e3 a6 8.Rc1 O-O 
9.a3 h6 10.Bh4 dxc4 11.Bxc4 Nd5 12.Bxe7 Ncxe7 13.Ne4 b6 14.O-O Bb7 15.Ng3 
Rc8 16.Qe2 b5 17.Ba2 Ng6 18.Bb1 f5 19.Rc5 Nf6 20.Rfc1 Bd5 21.Nd2 Nd7 22.
R5c3 Rf7 23.f3 Nb6 24.b3 Bb7 25.Qd3 Nd5 26.Rc5 Qg5 27.Ngf1 Nh4 28.Qe2 Re7 
29.Qf2 e5 30.Qg3 Qf6 31.dxe5 Rxe5 32.e4 fxe4 33.Nxe4 Rxe4 34.Bxe4 Nf4 35.
Qg4 Ne2+ 36.Kh1 Nxc1 37.Bxb7 Rd8 38.Rxc1 Rd4 39.Be4 g5 40.Ne3 Rd2 41.Qc8+ 
Rd8 42.Qxc7 Qd6 43.Qh7+ Kf8 44.Bd5 Qf6 45.Qg8+ Ke7 46.Rc7+ Rd7 47.Qh7+ 1-0

[Event "XIII American Continental"]
[Site "Montevideo URU"]
[Date "2018.06.02"]
[Round "2"]
[White "Do Prado, Hamilton Mesquita"]
[Black "Bustelo, Tabare"]
[Result "1/2-1/2"]
[WhiteElo "1681"]
[BlackElo "2050"]
[EventDate "2018.06.01"]
[PlyCount "80"]

1.d4 Nc6 2.Bf4 d6 3.Nf3 Bg4 4.Nbd2 g6 5.h3 Bxf3 6.Nxf3 Nf6 7.c3 Bg7 8.Qc1 
O-O 9.Bh6 e5 10.Bxg7 Kxg7 11.dxe5 dxe5 12.e3 e4 13.Nd2 Ne5 14.Qc2 Qd5 15.
c4 Qa5 16.a3 c5 17.O-O-O Rad8 18.Be2 Nd3+ 19.Bxd3 exd3 20.Qb3 Rd7 21.f3 a6
22.Kb1 Rc8 23.e4 Nh5 24.Nf1 Nf4 25.Ne3 b5 26.g3 Ne2 27.Rxd3 Rxd3 28.Qxd3 
Nxg3 29.Rd1 Nh5 30.Nd5 bxc4 31.Qxc4 Rb8 32.Qc3+ Qxc3 33.Nxc3 Nf4 34.h4 h5 
35.Rd2 c4 36.Nd5 Rb3 37.Nxf4 Rxf3 38.Ng2 c3 39.Re2 cxb2 40.Kxb2 Kf6 
1/2-1/2

[Event "XIII American Continental"]
[Site "Montevideo URU"]
[Date "2018.06.02"]
[Round "2"]
[White "Okamura, Milton Kasuo"]
[Black "Gomes, Marco Tulio Caldeira"]
[Result "1-0"]
[WhiteElo "2050"]
[BlackElo "1692"]
[EventDate "2018.06.01"]
[PlyCount "55"]

1.d4 Nf6 2.c4 e6 3.Nc3 Bb4 4.e3 O-O 5.Ne2 d5 6.a3 Be7 7.Ng3 c5 8.cxd5 exd5
9.Be2 Nc6 10.O-O Be6 11.Bf3 a6 12.Nge2 Bd6 13.dxc5 Bxc5 14.Nf4 d4 15.Na4 
Ba7 16.Nxe6 fxe6 17.Qb3 Qe7 18.Bd2 Rab8 19.Bxc6 bxc6 20.Qc4 Ne4 21.Be1 
Rbd8 22.Qxc6 Rd5 23.Bb4 Nd6 24.e4 Qh4 25.exd5 d3 26.Bc5 Bxc5 27.Nxc5 Ne4 
28.Qxe6+ 1-0

[Event "XIII American Continental"]
[Site "Montevideo URU"]
[Date "2018.06.02"]
[Round "2"]
[White "Solari, Pablo"]
[Black "Caceres Vasquez, Sergio"]
[Result "0-1"]
[WhiteElo "1678"]
[BlackElo "2041"]
[EventDate "2018.06.01"]
[PlyCount "118"]

1.d4 Nf6 2.Nf3 d5 3.g3 c6 4.Bg2 Bf5 5.O-O e6 6.c4 Be7 7.Nc3 O-O 8.Nh4 Bg4 
9.h3 Bh5 10.cxd5 cxd5 11.Nf3 h6 12.Qb3 Qb6 13.Qxb6 axb6 14.g4 Bg6 15.Ne5 
Bh7 16.g5 hxg5 17.Bxg5 Nc6 18.e3 Rfe8 19.f4 Nh5 20.Bxe7 Rxe7 21.Bf3 Ng3 
22.Rfe1 f6 23.Ng4 Kf8 24.a3 Na5 25.Kf2 Nf5 26.Be2 Nb3 27.Rad1 Nd6 28.Bd3 
Bxd3 29.Rxd3 Na5 30.Nb1 Nac4 31.Re2 Ne4+ 32.Ke1 Rc7 33.Nc3 Nxb2 34.Rxb2 
Nxc3 35.Rb3 Na4 36.Nf2 Rac8 37.Rb4 Rc4 38.Rb1 Rc3 39.Rb4 Rxd3 40.Nxd3 Rc4 
41.Rb3 Rc3 42.Rxc3 Nxc3 43.Nb4 Ke7 44.Nc2 Kd6 45.h4 Kc6 46.Nb4+ Kb5 47.Kd2
Nb1+ 48.Ke2 Nxa3 49.Nd3 Kc4 50.f5 exf5 51.Nf4 b5 52.h5 b4 53.Kd2 b3 54.Kc1
Nc2 55.Kb2 Nxe3 56.Ne6 Nd1+ 57.Kc1 Kc3 58.Nxg7 b2+ 59.Kb1 Kb3 0-1

[Event "XIII American Continental"]
[Site "Montevideo URU"]
[Date "2018.06.02"]
[Round "2"]
[White "Pomar, Marcelo Nascimento"]
[Black "Reolon, Victor"]
[Result "1-0"]
[WhiteElo "2037"]
[BlackElo "1678"]
[EventDate "2018.06.01"]
[PlyCount "53"]

1.d4 d5 2.Nf3 Nf6 3.Bg5 Nbd7 4.e3 e6 5.Bd3 Be7 6.Nbd2 c5 7.c3 Qc7 8.O-O c4
9.Bc2 b6 10.e4 dxe4 11.Nxe4 Nd5 12.Bxe7 Kxe7 13.Re1 Bb7 14.Ng3 Rae8 15.Ne5
Nxe5 16.dxe5 Rd8 17.Qh5 Kf8 18.Rad1 Nf4 19.Qg5 Rxd1 20.Rxd1 Nd5 21.Nh5 f6 
22.exf6 gxf6 23.Qh6+ Kg8 24.Nxf6+ Nxf6 25.Qxf6 Bd5 26.Rd4 h5 27.Rf4 1-0

[Event "XIII American Continental"]
[Site "Montevideo URU"]
[Date "2018.06.02"]
[Round "2"]
[White "Ramirez, Agustin"]
[Black "Manzi, Luiz Antonio Bardaro"]
[Result "1/2-1/2"]
[WhiteElo "1675"]
[BlackElo "2030"]
[EventDate "2018.06.01"]
[PlyCount "128"]

1.e4 e5 2.Nf3 Nc6 3.d3 Nf6 4.Bg5 Be7 5.Be2 d5 6.Bxf6 Bxf6 7.O-O dxe4 8.
dxe4 Qxd1 9.Rxd1 Be6 10.c3 O-O 11.Nbd2 Rad8 12.Bc4 Bc8 13.Nf1 Rxd1 14.Rxd1
Rd8 15.Rxd8+ Nxd8 16.N1d2 Ne6 17.Bxe6 Bxe6 18.Nb3 b6 19.Nc1 Kf8 20.b3 Ke7 
21.Kf1 Bc8 22.Ke2 Ke6 23.Nd3 g6 24.Nd2 Be7 25.Nc4 f6 26.f3 Ba6 27.Nd2 Bd6 
28.c4 Bb7 29.Nf2 Bc5 30.g3 Bd4 31.Nd3 c6 32.a3 Bc8 33.b4 Ba6 34.g4 Ke7 35.
a4 Bc8 36.h3 Be6 37.c5 Bc8 38.Kd1 Ba6 39.cxb6 axb6 40.Kc2 Ke6 41.Nb3 Be3 
42.a5 Kd6 43.Kc3 bxa5 44.Nxa5 Bd4+ 45.Kc2 c5 46.bxc5+ Bxc5 47.Nxc5 Kxc5 
48.Kc3 Bf1 49.h4 Bg2 50.Nb3+ Kd6 51.Nd2 Ke6 52.Kd3 f5 53.Ke3 fxg4 54.fxg4 
h5 55.g5 Bh3 56.Nc4 Bf1 57.Nd2 Ba6 58.Nf3 Kd6 59.Kd2 Bc8 60.Kc3 Bg4 61.Nd2
Be2 62.Nc4+ Bxc4 63.Kxc4 Kc6 64.Kb4 Kb6 1/2-1/2

[Event "XIII American Continental"]
[Site "Montevideo URU"]
[Date "2018.06.02"]
[Round "2"]
[White "Garmendia Vega, Gabriel"]
[Black "Torres Acosta, Raul"]
[Result "1/2-1/2"]
[WhiteElo "2029"]
[BlackElo "1676"]
[EventDate "2018.06.01"]
[PlyCount "120"]

1.e4 e5 2.Nf3 Nc6 3.Bb5 Bc5 4.c3 Nf6 5.Qe2 O-O 6.O-O d6 7.h3 Bd7 8.Ba4 Re8
9.d3 d5 10.Bg5 dxe4 11.dxe4 Qe7 12.Nbd2 Rad8 13.Rad1 a6 14.Bc2 Be6 15.Rfe1
Rd7 16.Nc4 Rxd1 17.Rxd1 Bxc4 18.Qxc4 b5 19.Qe2 Rd8 20.a4 Rxd1+ 21.Bxd1 Na7
22.Nh4 h6 23.Nf5 Qe6 24.Bh4 Kh7 25.b4 Bf8 26.Qe3 Nc8 27.axb5 axb5 28.Qd3 
Nd6 29.Nxd6 Qxd6 30.Qxd6 Bxd6 31.f3 Nd7 32.Bb3 f6 33.Bf7 c5 34.Be8 cxb4 
35.cxb4 Nb6 36.Be1 Nc4 37.Bxb5 Ne3 38.Bd3 Bc7 39.Bf2 Bb6 40.g3 g6 41.f4 
Kg7 42.fxe5 fxe5 43.g4 Bd4 44.Kh1 Kf6 45.Bh4+ g5 46.Be1 Nd1 47.Kg2 Bc3 48.
Bxc3 Nxc3 49.Kf3 Ke6 50.Ke3 Kd6 51.Bc4 Nd1+ 52.Ke2 Nc3+ 53.Kd3 Nd1 54.Ke2 
Nc3+ 55.Kf3 Kc6 56.Ke3 Nd1+ 57.Ke2 Nc3+ 58.Kf3 Kb6 59.Ke3 Nd1+ 60.Ke2 Nc3+
1/2-1/2

[Event "XIII American Continental"]
[Site "Montevideo URU"]
[Date "2018.06.02"]
[Round "2"]
[White "Fein, Jorge"]
[Black "Torella, Rodolfo"]
[Result "0-1"]
[WhiteElo "1648"]
[BlackElo "2016"]
[EventDate "2018.06.01"]
[PlyCount "122"]

1.Nf3 g6 2.e4 Bg7 3.Bc4 c5 4.O-O Nc6 5.c3 e6 6.Re1 Nge7 7.d4 d5 8.exd5 
exd5 9.Bf1 cxd4 10.Nxd4 Nxd4 11.cxd4 O-O 12.Bg5 Re8 13.Bxe7 Rxe7 14.Rxe7 
Qxe7 15.Nc3 Be6 16.Rc1 Qb4 17.Ne2 Qxb2 18.a4 Qb6 19.Rb1 Qc7 20.Rc1 Qd6 21.
Qb3 b6 22.h3 Rc8 23.Rd1 Bh6 24.Nc3 Qc7 25.Nb5 Qb8 26.Nc3 Qc7 27.Nb5 Qe7 
28.Nc3 Bf8 29.Nb5 Rc6 30.Nc3 Qb4 31.Qxb4 Bxb4 32.Na2 Be7 33.Bb5 Rc2 34.Nc1
Bf6 35.Ne2 Bg5 36.Kf1 Kf8 37.g4 h5 38.f3 hxg4 39.hxg4 Rd2 40.Rxd2 Bxd2 41.
Kg2 Ke7 42.Kg3 g5 43.f4 f6 44.f5 Bd7 45.Kf3 a6 46.Bxa6 Bxa4 47.Bb7 Kd6 48.
Ng3 Bd1+ 49.Ne2 b5 50.Ba6 Kc6 51.Kf2 Kb6 52.Bc8 b4 53.Be6 Kc6 54.Bc8 b3 
55.Ba6 Bc2 56.Ng3 b2 57.Nh5 b1=Q 58.Nxf6 Qe1+ 59.Kg2 Be3 60.Nh5 Be4+ 61.
Kh3 Qh4# 0-1

[Event "XIII American Continental"]
[Site "Montevideo URU"]
[Date "2018.06.02"]
[Round "2"]
[White "Soto, Nicolas"]
[Black "Miraballes Lopez, Andres"]
[Result "1-0"]
[WhiteElo "2011"]
[BlackElo "1665"]
[EventDate "2018.06.01"]
[PlyCount "67"]

1.e4 c5 2.Nf3 d6 3.d4 cxd4 4.Nxd4 Nf6 5.Nc3 g6 6.Be3 Bg7 7.Bc4 Nc6 8.f3 
O-O 9.Qd2 Bd7 10.O-O-O Rc8 11.Bb3 Na5 12.h4 Nxb3+ 13.axb3 h5 14.Bg5 Nh7 
15.Be3 Qa5 16.Kb1 b5 17.Nd5 Qd8 18.Bh6 e6 19.Bxg7 Kxg7 20.Ne3 e5 21.Ne2 
Rc6 22.g4 Nf6 23.Rdg1 Qb6 24.Nf5+ Bxf5 25.gxf5 Rfc8 26.c3 a5 27.fxg6 fxg6 
28.Qg5 d5 29.Qxg6+ Kf8 30.Qg7+ Ke8 31.exd5 Nxd5 32.Qg8+ Kd7 33.Qxd5+ Rd6 
34.Rg7+ 1-0